LEADER 00618nam a2200181 i 4500 001 000000216033 003 CaOOAMICUS 005 20121001000000.0 008 121001s1883 xx u000 u fre u 013 $a194910 040 $aSeMil$bita 245 10$aOeuvre de Jésus-Christ :$bCarême 1881. 250 $a3. éd. 300 $a305 p. 773 0 $tExposition du dogme catholique.$dParis : Édouard Baltenweck, 1883.$w()27062 850 $aSeMil 852 $aSeMil$W1$xVenegono$y1$m2B I 27 FA$j166453$B166453$CSeMilBibl$Z2$F177345 $8I 996 $6245$aOeuvre de Jésus-Christ :$bCarême 1881$9(OLS)http://semarc/title/310839 LEADER 01380nam a2200289 i 4500 001 000000040098 003 CaOOAMICUS 005 20040409000000.0 008 040409s1993 it u000 u ita u 013 $a11256 040 $aSeMil$bita 245 14$aGli americani e l'Italia /$ca cura di Sergio Romano. 260 $aMilano :$bLibri Scheiwiller,$c1993. 260 $a[Italia] :$bBanco Ambrosiano Veneto,$c1993. 300 $a308 p. :$briccamente ill. ;$c29 cm. 490 0 $aPresenze straniere nella vita e nella storia d'Italia ;$v1 500 $aContiene : Fonti iconografiche. - In custodia. 650 4$aItalia e Stati Uniti d'America - Relazioni culturali - Sec. 20.$0(OLS)http://semarc/subject/8362 650 4$aIntellettuali americani - Italia - Sec. 20.$0(OLS)http://semarc/subject/8363 700 1 $aRomano, Sergio,$d<1929- >.$0(OLS)http://semarc/name/5465 830 0$aPresenze straniere nella vita e nella storia d'Italia ;$v1.$0(OLS)http://semarc/title/443 850 $aSeMil 852 $aSeMil$W1$xVenegono$y1$m5I XII 52$j6253$B6253$CSeMilBibl$Z2$F6253 $81 961 $aOmaggio: Ferrario mons. Emilio 996 $6245$aGli americani e l'Italia$9(OLS)http://semarc/title/57435 996 $6260$a[Italia] :$bBanco Ambrosiano Veneto$9(OLS)http://semarc/publisher/29790 996 $6260$aMilano :$bLibri Scheiwiller$9(OLS)http://semarc/publisher/29791